| 000 | 00754nam a22002057a 4500 | ||
|---|---|---|---|
| 999 |
_c20621 _d20621 |
||
| 003 | AR-CdUCM | ||
| 008 | 190322b ||||| |||| 00| 0 spa d | ||
| 040 |
_aMUNICIPALIDAD PROVINCIAL DEL CUSCO _cBIBLIOTECA MUNICIPAL DEL CUSCO |
||
| 082 |
_a514 / _bP33 |
||
| 100 |
_aPaz Soldán, Antonio _943093 |
||
| 245 | _aTrigonometría / | ||
| 260 |
_aNew York : _bMinerva books, _c1963. |
||
| 300 |
_a236 paginas ; _c20 cm. |
||
| 505 | _aContenido : Funciones trigonométricas de ángulos agudos -- Funciones trigonométricas de ángulos cualesquiera -- Representaciones geométricas... | ||
| 650 |
_aTablas trigonométricas _943094 |
||
| 650 |
_aReducción de funciones _943095 |
||
| 650 |
_aÁngulos múltiplos _943096 |
||
| 942 |
_2ddc _cLIBROS |
||
| 945 | _arcc | ||